Essentials of Organizational Behaviour (Record no. 4492)

MARC details
000 -LEADER
fixed length control field 00350nam a2200145Ia 4500
008 - FIXED-LENGTH DATA ELEMENTS--GENERAL INFORMATION
fixed length control field 191201s2010 xx 000 0 und d
082 ## - DEWEY DECIMAL CLASSIFICATION NUMBER
Classification number 658.5
Item number ROE
100 ## - MAIN ENTRY--PERSONAL NAME
Personal name ROBBINS,Stephen P
245 #0 - TITLE STATEMENT
Title Essentials of Organizational Behaviour
250 ## - EDITION STATEMENT
Edition statement 10th
260 ## - PUBLICATION, DISTRIBUTION, ETC. (IMPRINT)
Place of publication, distribution, etc N. delhi
Name of publisher, distributor, etc pearson
Date of publication, distribution, etc 2010
300 ## - PHYSICAL DESCRIPTION
Extent 327
650 ## - SUBJECT ADDED ENTRY--TOPICAL TERM
Topical term or geographic name as entry element BBA
942 ## - ADDED ENTRY ELEMENTS (KOHA)
Source of classification or shelving scheme Dewey Decimal Classification
Koha item type Text Books
942 ## - ADDED ENTRY ELEMENTS (KOHA)
-- 4
Holdings
Withdrawn status Lost status Source of classification or shelving scheme Damaged status Not for loan Collection code Home library Current library Date acquired Source of acquisition Cost, normal purchase price Bill Number Total Checkouts Full call number Acc. no. / Barcode Date last seen Date last borrowed Bill Date Koha item type Public note Checked out
    Dewey Decimal Classification     BBA PIET C-LIBRARY PIET C-LIBRARY 26/04/2010 J B C, New Delhi 299.00 SI-4915 3 658.3 ROE 15265 23/12/2025 16/12/2025 11/03/2010 Text Books    
    Dewey Decimal Classification     BBA PIET C-LIBRARY PIET C-LIBRARY 26/04/2010 J B C, New Delhi 299.00 SI-4915 2 658.3 ROE 15266 25/11/2023 22/01/2022 11/03/2010 Text Books .  
    Dewey Decimal Classification     BBA PIET C-LIBRARY PIET C-LIBRARY 26/04/2010 J B C, New Delhi 299.00 SI-4915 1 658.3 ROE 15267 24/11/2023 24/11/2023 11/03/2010 Text Books   22/05/2024
    Dewey Decimal Classification     BBA PIET C-LIBRARY PIET C-LIBRARY 26/04/2010 J B C, New Delhi 299.00 SI-4915 3 658.3 ROE 15268 21/06/2023 19/06/2023 11/03/2010 Text Books    
    Dewey Decimal Classification     BBA PIET C-LIBRARY PIET C-LIBRARY 26/04/2010 J B C, New Delhi 299.00 SI-4915   658.3 ROE 15269 04/12/2019   11/03/2010 Text Books    
    Dewey Decimal Classification     BBA PIET C-LIBRARY PIET C-LIBRARY 26/04/2010 J B C, New Delhi 299.00 SI-4915 2 658.3 ROE 15270 30/12/2025 16/12/2025 11/03/2010 Text Books    

Design & Developed by: PIET Central Library
R70 Miles Stone Pattikalyana Samalkha Panipat 132102
mail ID :- [email protected], Phone No:- 0180-2569700 Ex.216